000 00685nam a22001937a 4500
003 OSt
005 20251217064059.0
008 251217b |||||||| |||| 00| 0 eng d
020 _a0-8385-8123-4.
040 _aDWCL-Main lib
_cOC
082 _22nd ed.
_aCirc. 610.7362 B612q 1999
100 _aBindler, Ruth
245 _aQuick reference to pediatric clinical skills to accompany Ball & Bindler pediatric nursing, caring for children, 2nd ed.
_cBindler, Ruth
260 _aConn. :
_bAppleton & Lange,
_cc1999.
300 _aVII, 153 pages :
_bcolored illustration ;
_c27 cm.
650 _21. Pediatric Nursing.
700 _aBall, Jane
942 _2ddc
_cBK-CIRC
_e2nd edition
_kCirc.
_n0
999 _c7172
_d7172